[Event "13. Rusia tch 2006"]
[Site "Sochi RUS"]
[Date "2006.04.20"]
[Round "1.11"]
[White "Asrian, Karen"]
[Black "Sutovsky, Emil"]
[Result "1/2-1/2"]
[WhiteElo "2670"]
[BlackElo "2628"]
[PlyCount "54"]
[EventDate "2006.04.20"]
[EventType "team"]
[EventRounds "11"]
[EventCountry "RUS"]
[Source "lmi"]
[SourceDate "2006.04.26"]

1. e4 e5 2. Nf3 Nc6 3. Bb5 a6 4. Ba4 Nf6 5. d3 b5 6. Bb3 Be7 7. O-O O-O 8. Re1
d6 9. c3 Na5 10. Bc2 c5 11. Nbd2 Nc6 12. Nf1 h6 13. h3 Re8 14. d4 cxd4 15. cxd4
exd4 16. Nxd4 Nxd4 17. Qxd4 Be6 18. Ne3 Rc8 19. Bd2 Nh5 20. Bd3 Bf6 21. Qb4 Nf4
22. Bf1 d5 23. exd5 Nxd5 24. Nxd5 Qxd5 25. Bc3 Qg5 26. Qa5 Rc6 27. a4 Bxc3
1/2-1/2

[Event "13. Rusia tch 2006"]
[Site "Sochi RUS"]
[Date "2006.04.20"]
[Round "1.14"]
[White "Rychagov, Andrey"]
[Black "Bezgodov, Alexei"]
[Result "1/2-1/2"]
[WhiteElo "2542"]
[BlackElo "2542"]
[PlyCount "32"]
[EventDate "2006.04.20"]
[EventType "team"]
[EventRounds "11"]
[EventCountry "RUS"]
[Source "lmi"]
[SourceDate "2006.04.26"]

1. d4 d5 2. c4 e6 3. Nf3 Nf6 4. Nc3 Be7 5. Bg5 h6 6. Bh4 O-O 7. e3 Ne4 8. Bxe7
Qxe7 9. Qc2 Nxc3 10. Qxc3 c6 11. Be2 Nd7 12. O-O dxc4 13. Bxc4 b6 14. Qd3 c5
15. d5 exd5 16. Qxd5 Rb8 1/2-1/2

[Event "13. Rusia tch 2006"]
[Site "Sochi RUS"]
[Date "2006.04.20"]
[Round "1.15"]
[White "Sveshnikov, Evgeny"]
[Black "Iskusnyh, Sergei"]
[Result "1/2-1/2"]
[WhiteElo "2524"]
[BlackElo "2510"]
[PlyCount "81"]
[EventDate "2006.04.20"]
[EventType "team"]
[EventRounds "11"]
[EventCountry "RUS"]
[Source "lmi"]
[SourceDate "2006.04.26"]

1. e4 c5 2. c3 d5 3. exd5 Qxd5 4. d4 Nf6 5. Nf3 Bg4 6. Be2 e6 7. h3 Bh5 8. O-O
Nc6 9. Be3 cxd4 10. Nxd4 Bxe2 11. Qxe2 Nxd4 12. Bxd4 Be7 13. Rd1 Qc6 14. Nd2
O-O 15. Qc4 Qxc4 16. Nxc4 Rfc8 17. Na5 b6 18. Nb3 b5 19. Bxf6 Bxf6 20. Rd7 a5
21. a3 b4 22. axb4 axb4 23. Rxa8 Rxa8 24. cxb4 Ra2 25. b5 Rxb2 26. Rd3 Rb1+ 27.
Kh2 Be5+ 28. g3 Bc7 29. Rc3 h5 30. Nd2 Rb2 31. Rxc7 Rxd2 32. b6 Rxf2+ 33. Kg1
Rb2 34. b7 Kh7 35. Rxf7 Kg6 36. Rc7 Kf6 37. Kf1 g5 38. Ke1 Ke5 39. Kd1 Kd6 40.
Rh7 h4 41. gxh4 1/2-1/2

[Event "13. Rusia tch 2006"]
[Site "Sochi RUS"]
[Date "2006.04.20"]
[Round "1.16"]
[White "Nikolenko, Oleg"]
[Black "Romanov, Evgeny"]
[Result "1/2-1/2"]
[WhiteElo "2536"]
[BlackElo "2480"]
[PlyCount "43"]
[EventDate "2006.04.20"]
[EventType "team"]
[EventRounds "11"]
[EventCountry "RUS"]
[Source "lmi"]
[SourceDate "2006.04.26"]

1. e4 g6 2. d4 Bg7 3. Nc3 d6 4. Nf3 a6 5. Be2 b5 6. O-O Bb7 7. Re1 e6 8. d5 e5
9. a4 b4 10. Na2 c5 11. c3 a5 12. Bb5+ Nd7 13. Nd2 Ngf6 14. Nc4 Qc7 15. Bg5 Ba6
16. cxb4 Bxb5 17. axb5 axb4 18. Bxf6 Bxf6 19. Qd3 Ke7 20. Reb1 Qb7 21. Nc1 Qxb5
22. Nxe5 1/2-1/2

[Event "13. Rusia tch 2006"]
[Site "Sochi RUS"]
[Date "2006.04.20"]
[Round "1.26"]
[White "Geller, Jakov"]
[Black "Belov, Vladimir"]
[Result "0-1"]
[WhiteElo "2495"]
[BlackElo "2599"]
[PlyCount "68"]
[EventDate "2006.04.20"]
[EventType "team"]
[EventRounds "11"]
[EventCountry "RUS"]
[Source "lmi"]
[SourceDate "2006.04.26"]

1. e4 c5 2. Nf3 d6 3. d4 cxd4 4. Nxd4 Nf6 5. Nc3 a6 6. Bc4 e6 7. a4 Be7 8. O-O
O-O 9. Be3 Nc6 10. Kh1 Re8 11. Ba2 d5 12. exd5 exd5 13. f3 Ba3 14. bxa3 Rxe3
15. Qd2 Re7 16. Rfd1 Be6 17. Nce2 Rc8 18. c4 Nxd4 19. Nxd4 Kh8 20. cxd5 Bxd5
21. Nf5 Rd7 22. Bxd5 Rxd5 23. Qe1 Qd7 24. Ne3 Re8 25. Nxd5 Rxe1+ 26. Rxe1 Qxd5
27. Rad1 Qa5 28. Re7 h6 29. Rxf7 b6 30. Rb7 Qxa4 31. Rd8+ Kh7 32. h3 b5 33. Ra8
Qxa3 34. Raa7 Nh5 0-1

[Event "13. Rusia tch 2006"]
[Site "Sochi RUS"]
[Date "2006.04.20"]
[Round "1.33"]
[White "Kobalija, Mihail"]
[Black "Landa, Konstantin"]
[Result "1/2-1/2"]
[WhiteElo "2654"]
[BlackElo "2600"]
[PlyCount "75"]
[EventDate "2006.04.20"]
[EventType "team"]
[EventRounds "11"]
[EventCountry "RUS"]
[Source "lmi"]
[SourceDate "2006.04.26"]

1. e4 e5 2. Nf3 Nc6 3. Bb5 Nf6 4. d3 Bc5 5. c3 O-O 6. Bg5 Re8 7. Nbd2 a6 8. Ba4
h6 9. Bh4 Be7 10. O-O d6 11. d4 Bd7 12. Re1 Nh7 13. Bg3 Bf6 14. dxe5 Nxe5 15.
Bxd7 Qxd7 16. Qc2 Nxf3+ 17. Nxf3 Qc6 18. e5 dxe5 19. Nxe5 Bxe5 20. Bxe5 Re6 21.
Bg3 Rae8 22. Rxe6 Qxe6 23. f3 Nf6 24. c4 Nh5 25. Bf2 Nf4 26. Re1 Qxe1+ 27. Bxe1
Rxe1+ 28. Kf2 Re2+ 29. Qxe2 Nxe2 30. Kxe2 Kf8 31. Ke3 Ke7 32. b4 Kd6 33. Kd4 b6
34. c5+ bxc5+ 35. bxc5+ Ke6 36. Kc4 Ke5 37. a4 f5 38. a5 1/2-1/2

[Event "13. Rusia tch 2006"]
[Site "Sochi RUS"]
[Date "2006.04.20"]
[Round "1.34"]
[White "Tregubov, Pavel V"]
[Black "Galkin, Alexander"]
[Result "1/2-1/2"]
[WhiteElo "2563"]
[BlackElo "2618"]
[PlyCount "39"]
[EventDate "2006.04.20"]
[EventType "team"]
[EventRounds "11"]
[EventCountry "RUS"]
[Source "lmi"]
[SourceDate "2006.04.26"]

1. d4 d5 2. c4 c6 3. Nf3 e6 4. e3 Bd6 5. Bd3 f5 6. O-O Nf6 7. b3 Qe7 8. Bb2 O-O
9. Ne5 b6 10. Nc3 g6 11. Qe2 Bb7 12. f3 Nbd7 13. Nxd7 Nxd7 14. e4 fxe4 15. fxe4
Qh4 16. g4 Rxf1+ 17. Rxf1 Rf8 18. exd5 Rxf1+ 19. Kxf1 Qf6+ 20. Qf2 1/2-1/2

[Event "13. Rusia tch 2006"]
[Site "Sochi RUS"]
[Date "2006.04.20"]
[Round "1.53"]
[White "Timofeev, Artyom"]
[Black "Najer, Evgeniy"]
[Result "1/2-1/2"]
[WhiteElo "2646"]
[BlackElo "2653"]
[PlyCount "91"]
[EventDate "2006.04.20"]
[EventType "team"]
[EventRounds "11"]
[EventCountry "RUS"]
[Source "lmi"]
[SourceDate "2006.04.26"]

1. e4 c5 2. Nf3 d6 3. d4 cxd4 4. Nxd4 Nf6 5. Nc3 a6 6. Be3 e5 7. Nf3 Be7 8. Bc4
O-O 9. O-O Be6 10. Qe2 Nc6 11. Rfd1 Rc8 12. Bb3 h6 13. Nh4 Kh7 14. Nf5 Na5 15.
Bd5 Rxc3 16. bxc3 Nxd5 17. Rxd5 Bxd5 18. exd5 Bg5 19. Rb1 Bxe3 20. Qxe3 b5 21.
Qa7 Nc4 22. Qxa6 Qg5 23. Ng3 f5 24. Rd1 Qg4 25. Re1 f4 26. h3 Qg6 27. Nf1 e4
28. Qxb5 Ne5 29. Nh2 f3 30. g3 Qf5 31. g4 Qg6 32. Kh1 h5 33. Rg1 e3 34. gxh5
Qxc2 35. h6 exf2 36. Rxg7+ Kxh6 37. Rg3 Qd1+ 38. Nf1 Nd3 39. Qd7 Qxf1+ 40. Kh2
Qg2+ 41. Rxg2 fxg2 42. Qe6+ Kg7 43. Qg4+ Kh6 44. Qh4+ Kg6 45. Qg4+ Kh6 46. Qh4+
1/2-1/2

[Event "13. Rusia tch 2006"]
[Site "Sochi RUS"]
[Date "2006.04.20"]
[Round "1.56"]
[White "Smirnov, Pavel"]
[Black "Kornev, Alexei"]
[Result "1/2-1/2"]
[WhiteElo "2614"]
[BlackElo "2575"]
[PlyCount "142"]
[EventDate "2006.04.20"]
[EventType "team"]
[EventRounds "11"]
[EventCountry "RUS"]
[Source "lmi"]
[SourceDate "2006.04.26"]

1. e4 e6 2. d4 d5 3. Nc3 Bb4 4. e5 c5 5. a3 Bxc3+ 6. bxc3 Ne7 7. Qg4 Qc7 8.
Qxg7 Rg8 9. Qxh7 cxd4 10. Ne2 Nbc6 11. f4 Bd7 12. Qd3 dxc3 13. Qxc3 O-O-O 14.
Rb1 Nf5 15. Rg1 d4 16. Qd3 Na5 17. Rb4 Nc6 18. Rb2 f6 19. g4 Nh4 20. exf6 e5
21. f7 Rh8 22. f5 e4 23. Qxe4 Ne5 24. Nxd4 Nxf7 25. Rg3 Rhe8 26. Ne6 Bxe6 27.
fxe6 Ne5 28. Bh3 Rd4 29. Qe2 Qc6 30. g5 Qh1+ 31. Qf1 Qd5 32. Rb5 Rd1+ 33. Ke2
Qxb5+ 34. Kxd1 Qd5+ 35. Bd2 Nhf3 36. Qf2 Nxd2 37. Qxd2 Qh1+ 38. Qe1 Rd8+ 39.
Rd3 Qxe1+ 40. Kxe1 Nxd3+ 41. cxd3 Kc7 42. Bg4 Kd6 43. h4 Rg8 44. a4 b6 45. Kd2
a6 46. Kc3 Rc8+ 47. Kb3 Rg8 48. d4 Ke7 49. d5 Kd6 50. Bf3 Rf8 51. Be2 Rf2 52.
Bxa6 Rh2 53. g6 Rxh4 54. Bd3 Rg4 55. Kc3 Rxa4 56. Kd2 Rd4 57. g7 Rg4 58. Kc3
Rxg7 59. Bc4 Kc5 60. Bb3 b5 61. Kb2 Rg2+ 62. Kc1 Kd6 63. Kd1 Rb2 64. Bc2 b4 65.
Kc1 Ra2 66. Bb3 Rh2 67. Kb1 Rh3 68. Kb2 Rc3 69. Ba2 Kc5 70. Bb3 Re3 71. Kc2 Kd6
1/2-1/2

[Event "13. Rusia tch 2006"]
[Site "Sochi RUS"]
[Date "2006.04.20"]
[Round "1.66"]
[White "Shaposhnikov, Evgeny"]
[Black "Nepomniachtchi, Ian"]
[Result "1/2-1/2"]
[WhiteElo "2538"]
[BlackElo "2506"]
[PlyCount "43"]
[EventDate "2006.04.20"]
[EventType "team"]
[EventRounds "11"]
[EventCountry "RUS"]
[Source "lmi"]
[SourceDate "2006.04.26"]

1. e4 c5 2. Nf3 d6 3. Bb5+ Nd7 4. O-O Ngf6 5. d4 cxd4 6. Qxd4 e5 7. Qd3 h6 8.
c4 Be7 9. Nc3 O-O 10. Be3 a6 11. Ba4 Qa5 12. b4 Qd8 13. Nh4 Nb6 14. Bb3 Be6 15.
Nf5 Bxf5 16. exf5 d5 17. cxd5 Bxb4 18. Rad1 Bd6 19. Ne4 Nxe4 20. Bxb6 Qxb6 21.
Qxe4 Qd8 22. Rc1 1/2-1/2

[Event "13. Rusia tch 2006"]
[Site "Sochi RUS"]
[Date "2006.04.21"]
[Round "2.14"]
[White "Mamedyarov, Shakhriyar"]
[Black "Riazantsev, Alexander"]
[Result "1/2-1/2"]
[WhiteElo "2699"]
[BlackElo "2593"]
[PlyCount "152"]
[EventDate "2006.04.20"]
[EventType "team"]
[EventRounds "11"]
[EventCountry "RUS"]
[Source "lmi"]
[SourceDate "2006.04.26"]

1. d4 Nf6 2. c4 e6 3. Nf3 b6 4. a3 Bb7 5. Nc3 d5 6. cxd5 Nxd5 7. Qc2 c5 8. e4
Nxc3 9. bxc3 Nd7 10. Bd3 g6 11. Bf4 Bg7 12. Bd6 Bf8 13. Bxf8 Kxf8 14. O-O Kg7
15. a4 Qc7 16. Qe2 Nf6 17. a5 Rhd8 18. a6 Bc6 19. h3 Rac8 20. Qe3 Ba8 21. Rfd1
Qe7 22. Rac1 Rc7 23. Qf4 Rdc8 24. Rb1 cxd4 25. cxd4 Rc3 26. Ne5 Rd8 27. Qd2
Rcc8 28. Qe3 Rc3 29. f3 Rdc8 30. Qe1 Nd7 31. Ng4 h5 32. Nf2 Qg5 33. Rb5 Qf4 34.
Bf1 Rc1 35. Rb1 R1c2 36. Nd3 Qg5 37. Rbc1 Rxc1 38. Rxc1 Rxc1 39. Qxc1 Qxc1 40.
Nxc1 Bc6 41. Kf2 h4 42. Ke3 g5 43. Na2 f6 44. Nc3 Nb8 45. f4 Bd7 46. Na2 Kf7
47. fxg5 fxg5 48. Nb4 Ke7 49. Kf3 Nc6 50. Nxc6+ Bxc6 51. Kg4 Kf6 52. e5+ Kg6
53. Bd3+ Kh6 54. Bc4 Bd7 55. g3 hxg3 56. Kxg3 b5 57. Bb3 Bc8 58. Kg4 b4 59. Bc4
Bd7 60. h4 gxh4 61. Kxh4 Kg6 62. Kg4 Kf7 63. Kf4 Ba4 64. Ke3 b3 65. Kd2 b2 66.
Ba2 Bb3 67. Bb1 Bc4 68. Kc3 Bxa6 69. Ba2 Ke7 70. Kxb2 Bb5 71. Kc3 a5 72. d5
exd5 73. Bxd5 Bd7 74. Kc4 Be6 75. Bxe6 Kxe6 76. Kb5 Kxe5 1/2-1/2

[Event "13. Rusia tch 2006"]
[Site "Sochi RUS"]
[Date "2006.04.21"]
[Round "2.15"]
[White "Bezgodov, Alexei"]
[Black "Korotylev, Alexey"]
[Result "1/2-1/2"]
[WhiteElo "2554"]
[BlackElo "2618"]
[PlyCount "106"]
[EventDate "2006.04.20"]
[EventType "team"]
[EventRounds "11"]
[EventCountry "RUS"]
[Source "lmi"]
[SourceDate "2006.04.26"]

1. e4 c5 2. Nf3 Nc6 3. d4 cxd4 4. Nxd4 Nf6 5. Nc3 d6 6. Bg5 e6 7. Qd2 Be7 8.
O-O-O O-O 9. f4 Nxd4 10. Qxd4 Qa5 11. Bc4 Bd7 12. e5 dxe5 13. fxe5 Bc6 14. Bd2
Nd7 15. Nd5 Qd8 16. Nxe7+ Qxe7 17. Rhe1 Rfd8 18. Qg4 Nf8 19. Qg3 Rd4 20. Bg5
Rxd1+ 21. Rxd1 Qc5 22. Bd3 Ng6 23. Bxg6 hxg6 24. Be3 Qa5 25. a3 Rc8 26. Bd4 Be4
27. Bc3 Qa6 28. Qf2 g5 29. Qe3 Qa4 30. Rd2 g4 31. Qf4 b5 32. Qxg4 Qc4 33. Re2
Bd5 34. Qxc4 Rxc4 35. Kd2 Rf4 36. g3 Rf3 37. Bd4 a5 38. Rf2 Rxf2+ 39. Bxf2 a4
40. Kc3 Be4 41. b3 Kh7 42. Bc5 Kg6 43. Bf8 f6 44. exf6 Kxf6 45. Kd2 axb3 46.
cxb3 e5 47. a4 bxa4 48. bxa4 Kf7 49. Bd6 Ke6 50. Bc7 Kd7 51. Bxe5 g6 52. a5 Kc6
53. Ke3 Bb1 1/2-1/2

[Event "13. Rusia tch 2006"]
[Site "Sochi RUS"]
[Date "2006.04.21"]
[Round "2.16"]
[White "Amonatov, Farrukh"]
[Black "Kurnosov, Igor"]
[Result "1/2-1/2"]
[WhiteElo "2569"]
[BlackElo "2526"]
[PlyCount "50"]
[EventDate "2006.04.20"]
[EventType "team"]
[EventRounds "11"]
[EventCountry "RUS"]
[Source "lmi"]
[SourceDate "2006.04.26"]

1. e4 e5 2. Nf3 Nc6 3. Bb5 Nf6 4. d3 Bc5 5. Bxc6 dxc6 6. Be3 Bd6 7. h3 c5 8.
Nbd2 O-O 9. O-O Re8 10. Bg5 Be6 11. Re1 h6 12. Bh4 g5 13. Bg3 Nd7 14. Nc4 Qf6
15. Nfd2 Nf8 16. Qh5 Qg6 17. Qxg6+ Nxg6 18. a4 f6 19. f3 Bf8 20. Bf2 b6 21. Ne3
Rad8 22. Nf5 a6 23. b3 h5 24. g3 Kf7 25. Be3 Rd7 1/2-1/2

[Event "13. Rusia tch 2006"]
[Site "Sochi RUS"]
[Date "2006.04.21"]
[Round "2.22"]
[White "Erenburg, Sergey"]
[Black "Areshchenko, Alexander"]
[Result "1/2-1/2"]
[WhiteElo "2554"]
[BlackElo "2660"]
[PlyCount "71"]
[EventDate "2006.04.20"]
[EventType "team"]
[EventRounds "11"]
[EventCountry "RUS"]
[Source "lmi"]
[SourceDate "2006.04.26"]

1. e4 c5 2. Nf3 d6 3. d4 cxd4 4. Nxd4 Nf6 5. Nc3 a6 6. Be3 e5 7. Nf3 Be7 8. Bc4
O-O 9. O-O Nc6 10. Bb3 Be6 11. Qe2 Na5 12. Rfd1 Nxb3 13. axb3 Qe8 14. Bg5 Nh5
15. Bxe7 Qxe7 16. Qd2 Rad8 17. Qg5 Qxg5 18. Nxg5 h6 19. Nxe6 fxe6 20. b4 Nf6
21. Ra5 Rd7 22. b5 axb5 23. Rxb5 Kf7 24. f3 Ke7 25. Na4 Rc7 26. c4 g5 27. Rb6
Rd7 28. c5 d5 29. Nc3 Rc8 30. exd5 exd5 31. Re1 Rxc5 32. Rxe5+ Kf7 33. Ree6 Ne8
34. Re5 Nf6 35. Ree6 Ne8 36. Re5 1/2-1/2

[Event "13. Rusia tch 2006"]
[Site "Sochi RUS"]
[Date "2006.04.21"]
[Round "2.23"]
[White "Efimenko, Zahar"]
[Black "Kobalia, Mikhail"]
[Result "1/2-1/2"]
[WhiteElo "2662"]
[BlackElo "2654"]
[PlyCount "55"]
[EventDate "2006.04.20"]
[EventType "team"]
[EventRounds "11"]
[EventCountry "RUS"]
[Source "lmi"]
[SourceDate "2006.04.26"]

1. e4 e6 2. d4 d5 3. Nc3 Nf6 4. Bg5 dxe4 5. Nxe4 Nbd7 6. Nf3 h6 7. Nxf6+ Nxf6
8. Bh4 c5 9. c3 a6 10. Bd3 cxd4 11. Nxd4 Be7 12. O-O Qb6 13. Qe2 Nd5 14. Bxe7
Nxe7 15. Rfe1 Bd7 16. a4 O-O 17. a5 Qc7 18. Qe4 Ng6 19. h4 Rfe8 20. h5 Nf8 21.
f4 Rab8 22. Qe5 Rec8 23. Qxc7 Rxc7 24. Ra3 Be8 25. f5 exf5 26. Bxf5 Nd7 27. Rb3
Kf8 28. Bg4 1/2-1/2

[Event "13. Rusia tch 2006"]
[Site "Sochi RUS"]
[Date "2006.04.21"]
[Round "2.24"]
[White "Galkin, Alexander"]
[Black "Grachev, Boris"]
[Result "1/2-1/2"]
[WhiteElo "2618"]
[BlackElo "2543"]
[PlyCount "61"]
[EventDate "2006.04.20"]
[EventType "team"]
[EventRounds "11"]
[EventCountry "RUS"]
[Source "lmi"]
[SourceDate "2006.04.26"]

1. e4 c5 2. Nf3 d6 3. d4 cxd4 4. Nxd4 Nf6 5. Nc3 a6 6. Be2 e5 7. Nb3 Be7 8. O-O
O-O 9. Kh1 Qc7 10. g4 Be6 11. g5 Nfd7 12. Bg4 Re8 13. a4 Nc6 14. Nd5 Qd8 15.
Rg1 Bf8 16. Be3 Ne7 17. c4 Rc8 18. Rc1 Nxd5 19. cxd5 Rxc1 20. Nxc1 Bxg4 21.
Qxg4 Nc5 22. b3 Qa5 23. Rg3 Qb4 24. Bxc5 Qxc5 25. Nd3 Qc8 26. Qh4 Be7 27. Qh5
g6 28. Qh6 Bf8 29. Qh4 Be7 30. Qh6 Bf8 31. Qh4 1/2-1/2

[Event "13. Rusia tch 2006"]
[Site "Sochi RUS"]
[Date "2006.04.21"]
[Round "2.26"]
[White "Savchenko, Boris"]
[Black "Frolyanov, Dmitry"]
[Result "0-1"]
[WhiteElo "2568"]
[BlackElo "2497"]
[PlyCount "114"]
[EventDate "2006.04.20"]
[EventType "team"]
[EventRounds "11"]
[EventCountry "RUS"]
[Source "lmi"]
[SourceDate "2006.04.26"]

1. e4 e5 2. Nf3 Nf6 3. Nxe5 d6 4. Nc4 Nxe4 5. d4 d5 6. Ne3 c6 7. Nd2 Nxd2 8.
Bxd2 Bd6 9. Bd3 O-O 10. c3 f5 11. O-O f4 12. Ng4 f3 13. Ne5 Bxe5 14. dxe5 Nd7
15. Re1 Nc5 16. Bf1 fxg2 17. Bxg2 Bf5 18. c4 dxc4 19. Bb4 Qb6 20. Bxc5 Qxc5 21.
Rc1 Be6 22. Re3 Rad8 23. Qe1 Qd4 24. b3 cxb3 25. axb3 Qd2 26. Ra1 a6 27. Bh3
Bxh3 28. Rxh3 Qd4 29. Ra4 Qd5 30. e6 Rfe8 31. Re4 Re7 32. Rhe3 Qd1 33. Qxd1
Rxd1+ 34. Kg2 Rd6 35. b4 g6 36. h4 Kg7 37. Kg3 Rd5 38. Rf4 c5 39. bxc5 Rxc5 40.
Rfe4 b5 41. Rd4 Rc6 42. Rde4 Rb6 43. Re1 a5 44. h5 b4 45. hxg6 hxg6 46. R4e2
Kf6 47. Ra2 Ra6 48. Ra4 Rexe6 49. Rea1 Reb6 50. Kf3 Rb5 51. Ke4 b3 52. Kd4 b2
53. Rb1 Rc6 54. Ra2 Rc2 55. Kd3 Rxf2 56. Kc4 Rb4+ 57. Kc3 Rf3+ 0-1

[Event "13. Rusia tch 2006"]
[Site "Sochi RUS"]
[Date "2006.04.21"]
[Round "2.43"]
[White "Brodsky, Michail"]
[Black "Timofeev, Artyom"]
[Result "1/2-1/2"]
[WhiteElo "2561"]
[BlackElo "2646"]
[PlyCount "37"]
[EventDate "2006.04.20"]
[EventType "team"]
[EventRounds "11"]
[EventCountry "RUS"]
[Source "lmi"]
[SourceDate "2006.04.26"]

1. Nf3 Nf6 2. c4 g6 3. Nc3 d5 4. cxd5 Nxd5 5. e4 Nxc3 6. bxc3 Bg7 7. d4 c5 8.
Rb1 O-O 9. Be2 b6 10. O-O Bb7 11. Qd3 Ba6 12. Qc2 cxd4 13. Bxa6 Nxa6 14. cxd4
Qd7 15. Be3 Rac8 16. Qb3 Qb7 17. Qa4 e6 18. Rfc1 Nb8 19. h3 1/2-1/2

[Event "13. Rusia tch 2006"]
[Site "Sochi RUS"]
[Date "2006.04.21"]
[Round "2.44"]
[White "Filippov, Valerij"]
[Black "Yevseev, Denis"]
[Result "1-0"]
[WhiteElo "2561"]
[BlackElo "2580"]
[PlyCount "95"]
[EventDate "2006.04.20"]
[EventType "team"]
[EventRounds "11"]
[EventCountry "RUS"]
[Source "lmi"]
[SourceDate "2006.04.26"]

1. Nf3 d5 2. d4 Nf6 3. c4 e6 4. Nc3 c6 5. Bg5 h6 6. Bh4 dxc4 7. e4 g5 8. Bg3 b5
9. Be2 Bb7 10. O-O Nbd7 11. Ne5 h5 12. Nxd7 Qxd7 13. Be5 Rh6 14. Qc1 Rg6 15.
Rd1 g4 16. b3 cxb3 17. axb3 a6 18. Bxf6 Rxf6 19. e5 Rf5 20. Bd3 Rxf2 21. Be4
Rf5 22. Bxf5 exf5 23. Qg5 Qe6 24. Rf1 Bh6 25. Qxh5 O-O-O 26. Ne2 Be3+ 27. Kh1
c5 28. Rxf5 cxd4 29. Rf6 Qxb3 30. Rxf7 Kb8 31. Rxb7+ Kxb7 32. Qh7+ Kb8 33. Qe7
Qd5 34. Qf6 Rc8 35. Qb6+ Qb7 36. Qd6+ Ka7 37. Nxd4 Rc4 38. Nf5 Bc5 39. Qd2 Qc6
40. Nd6 Rd4 41. Qc3 Rf4 42. Rc1 Kb6 43. Qb3 Ka7 44. Qd3 Kb6 45. Nf5 Rf2 46. Ne3
Rf7 47. Nxg4 Qd7 48. Qg6+ 1-0

[Event "13. Rusia tch 2006"]
[Site "Sochi RUS"]
[Date "2006.04.21"]
[Round "2.46"]
[White "Iljin, Artem"]
[Black "Vitiugov, Nikita"]
[Result "1/2-1/2"]
[WhiteElo "2505"]
[BlackElo "2550"]
[PlyCount "41"]
[EventDate "2006.04.20"]
[EventType "team"]
[EventRounds "11"]
[EventCountry "RUS"]
[Source "lmi"]
[SourceDate "2006.04.26"]

1. e4 c5 2. Nf3 e6 3. c3 d5 4. exd5 exd5 5. d4 Nc6 6. Be3 cxd4 7. Nxd4 Bd6 8.
Be2 Nf6 9. Nd2 O-O 10. O-O h6 11. N2f3 Re8 12. h3 Ne4 13. Re1 a6 14. Qb3 Bc7
15. Rad1 Qd6 16. c4 Nxd4 17. Rxd4 Qg6 18. Nh4 Qd6 19. Nf3 Qg6 20. Nh4 Qd6 21.
Nf3 1/2-1/2

[Event "13. Rusia tch 2006"]
[Site "Sochi RUS"]
[Date "2006.04.21"]
[Round "2.56"]
[White "Smirnov, Pavel"]
[Black "Kiriakov, Petr"]
[Result "1/2-1/2"]
[WhiteElo "2614"]
[BlackElo "2555"]
[PlyCount "104"]
[EventDate "2006.04.20"]
[EventType "team"]
[EventRounds "11"]
[EventCountry "RUS"]
[Source "lmi"]
[SourceDate "2006.04.26"]

1. e4 e6 2. d4 d5 3. Nc3 Nf6 4. e5 Nfd7 5. f4 c5 6. Nf3 Nc6 7. Be3 a6 8. Qd2 b5
9. a3 Bb7 10. Bd3 Qb6 11. Qf2 Rc8 12. O-O g6 13. Kh1 c4 14. Be2 Ne7 15. Nd1 h5
16. Bd2 Nf5 17. Bb4 a5 18. Bxf8 Kxf8 19. c3 Kg7 20. Ne3 Bc6 21. Ng5 Nf8 22. Bd1
Nh7 23. Nf3 Bd7 24. Bc2 Qb7 25. Nh4 Rcg8 26. Bd1 Nxe3 27. Qxe3 Kf8 28. b3 cxb3
29. Bxb3 Ke7 30. Nf3 Rc8 31. Rac1 Qb6 32. Qf2 Kf8 33. Qg3 Qd8 34. Nh4 Rg8 35.
Bd1 Rg7 36. Be2 Kg8 37. Rb1 g5 38. fxg5 Qxg5 39. Qe1 f6 40. Bxb5 Bxb5 41. Rxb5
fxe5 42. dxe5 Qg4 43. Rb2 Ng5 44. Rbf2 Qe4 45. Qd1 Qg4 46. Qe1 Qe4 47. Re2 Qa4
48. Re3 Qxa3 49. Rg3 Qa4 50. Qc1 Rf8 51. Nf5 exf5 52. Rxg5 f4 1/2-1/2

[Event "13. Rusia tch 2006"]
[Site "Sochi RUS"]
[Date "2006.04.21"]
[Round "2.63"]
[White "Shomoev, Anton"]
[Black "Roiz, Michael"]
[Result "1/2-1/2"]
[WhiteElo "2492"]
[BlackElo "2590"]
[PlyCount "109"]
[EventDate "2006.04.20"]
[EventType "team"]
[EventRounds "11"]
[EventCountry "RUS"]
[Source "lmi"]
[SourceDate "2006.04.26"]

1. e4 e5 2. Nf3 Nc6 3. Bb5 a6 4. Ba4 Nf6 5. O-O Be7 6. Re1 b5 7. Bb3 d6 8. c3
O-O 9. h3 Na5 10. Bc2 c5 11. d4 Qc7 12. Nbd2 cxd4 13. cxd4 Rd8 14. Nf1 exd4 15.
Bf4 Nc6 16. Bb3 Qb6 17. Rc1 Ra7 18. Ng3 d5 19. Ng5 Bb4 20. e5 Ne8 21. e6 fxe6
22. Nxe6 Re7 23. Rxc6 Qxc6 24. Nxd8 Qd7 25. Rxe7 Bxe7 26. Qxd4 Qxd8 27. Bxd5+
Kh8 28. Be5 Nf6 29. Bb3 Qf8 30. Ne4 Nxe4 31. Qxe4 Bf5 32. Qd4 a5 33. Kh2 a4 34.
Bd5 b4 35. Qf4 Qc8 36. h4 Be6 37. Qg3 Bf8 38. Qf3 Qc5 39. Bxe6 Qxe5+ 40. g3 Qf6
41. Qe2 a3 42. bxa3 bxa3 43. Kg2 Bc5 44. Bd5 g6 45. f4 Kg7 46. Qe4 Qf5 47. Qc4
Be7 48. Bf3 Qc5 49. Qe2 Bf6 50. Be4 Qd4 51. Kh3 Qd7+ 52. g4 Qe6 53. Kg3 Bb2 54.
Qd3 h5 55. gxh5 1/2-1/2

[Event "13. Rusia tch 2006"]
[Site "Sochi RUS"]
[Date "2006.04.21"]
[Round "2.65"]
[White "Deviatkin, Andrei"]
[Black "Dyachkov, Sergej"]
[Result "1/2-1/2"]
[WhiteElo "2531"]
[BlackElo "2548"]
[PlyCount "101"]
[EventDate "2006.04.20"]
[EventType "team"]
[EventRounds "11"]
[EventCountry "RUS"]
[Source "lmi"]
[SourceDate "2006.04.26"]

1. e4 e6 2. d4 d5 3. exd5 exd5 4. Nf3 Nf6 5. Bd3 Bd6 6. O-O O-O 7. Bg5 Bg4 8.
Nbd2 Nbd7 9. c3 c6 10. Qc2 Qc7 11. h3 Bh5 12. Rae1 Rfe8 13. Re3 Bg6 14. Rfe1
Rxe3 15. Rxe3 Nh5 16. Bxg6 hxg6 17. c4 Nhf6 18. c5 Bf8 19. b4 a5 20. Ra3 Qd8
21. bxa5 Rxa5 22. Rb3 Qa8 23. Rb2 Ra4 24. Qb1 Ne8 25. Kh2 Ra7 26. Bf4 Be7 27.
Qe1 Kf8 28. Ng5 Qd8 29. Ndf3 Nc7 30. Re2 Bf6 31. g3 Ra8 32. Bd6+ Kg8 33. Be7
Qc8 34. Bxf6 gxf6 35. Re7 fxg5 36. Nxg5 Nf6 37. Qe5 Qf5 38. Qxf5 gxf5 39. Rxc7
Ne4 40. Nxe4 fxe4 41. Rxb7 Rxa2 42. Kg1 Ra4 43. Rb6 Rxd4 44. Rxc6 Rc4 45. g4 d4
46. Rd6 e3 47. fxe3 dxe3 48. Rd8+ Kg7 49. Re8 Rxc5 50. Rxe3 f5 51. gxf5 1/2-1/2

[Event "13. Rusia tch 2006"]
[Site "Sochi RUS"]
[Date "2006.04.21"]
[Round "2.66"]
[White "Kornev, Alexei"]
[Black "Gabrielian, Artur"]
[Result "1/2-1/2"]
[WhiteElo "2575"]
[BlackElo "2520"]
[PlyCount "109"]
[EventDate "2006.04.20"]
[EventType "team"]
[EventRounds "11"]
[EventCountry "RUS"]
[Source "lmi"]
[SourceDate "2006.04.26"]

1. e4 e5 2. Nf3 d6 3. d4 exd4 4. Qxd4 Nc6 5. Bb5 Bd7 6. Bxc6 Bxc6 7. Nc3 Nf6 8.
Bg5 Be7 9. O-O-O h6 10. Bh4 O-O 11. Rhe1 Nd7 12. Bg3 Bf6 13. Qd2 Re8 14. Nd4
Bxd4 15. Qxd4 Qg5+ 16. Kb1 Qf6 17. Qd2 Nb6 18. f3 Nc4 19. Qd4 Qxd4 20. Rxd4 Nb6
21. Red1 Re6 22. a4 a5 23. b3 Rf8 24. R4d2 f5 25. exf5 Rxf5 26. Bf2 Rg5 27.
Bxb6 cxb6 28. Rf2 Kf7 29. Kb2 Ke7 30. Ne2 Rge5 31. Nd4 Rf6 32. Rdd2 g6 33. c3
g5 34. Rfe2 h5 35. h3 Bd7 36. Kc2 Bc6 37. Kd3 Bd7 38. Re3 Rf8 39. Rf2 Rf7 40.
Kd2 Rf8 41. Rf1 Rf7 42. Rh1 Rf8 43. h4 gxh4 44. Rxh4 Rg8 45. Rh2 Kf6 46. Ne2 b5
47. axb5 Bxb5 48. c4 Be8 49. Rd3 Ke7 50. Nf4 Bf7 51. Rh1 b5 52. cxb5 Rxb5 53.
Re1+ Kd7 54. Rde3 Bxb3 55. Re7+ 1/2-1/2